[Event "44th Chess Olympiad Open 2022"]
[Site "Chennai"]
[Date "2022.08.01"]
[Round "4.9"]
[White "Ter-Sahakyan, Samvel"]
[Black "Blohberger, Felix"]
[Result "0-1"]
[WhiteElo "2625"]
[BlackElo "2492"]
[Annotator "RC"]
[PlyCount "92"]
[EventDate "2022.07.29"]
[EventType "team-tourn"]
[EventCountry "IND"]
[SourceTitle "playchess.com"]
[Source "ChessBase"]
[SourceQuality "1"]
[WhiteTeam "Armenia"]
[BlackTeam "Austria"]
[WhiteTeamCountry "ARM"]
[BlackTeamCountry "AUT"]

1. e4 c6 2. d4 d5 3. e5 Bf5 4. h4 h5 5. Bd3 Bxd3 6. Qxd3 Qa5+ 7. Nd2 e6 8. Ngf3
Nh6 9. O-O Nf5 10. a4 Nd7 11. Nb3 Qa6 12. Qd1 c5 13. dxc5 Nxc5 14. Nbd4 Nxd4
15. Nxd4 Rc8 16. Re1 Qb6 17. c3 a6 18. g3 g6 19. Kg2 Bg7 20. a5 Qc7 21. Bf4 Nd7
22. Nf3 Nb8 23. b4 Nc6 24. Rc1 Ne7 25. Qd2 Qd7 26. Bg5 Rc4 27. Qd3 O-O 28. Nd2
Rc7 29. Nb3 Rfc8 30. Qd2 Rc4 31. Nd4 Nc6 32. Nf3 Qc7 33. Bf4 Ne7 34. Bg5 Nf5
35. Qa2 Bf8 36. Bd2 Be7 37. Qb1 Rg4 38. Nh2 Rc4 39. Nf3 Qd7 40. Rcd1 Qb5 41.
Rc1 Kg7 42. Qa1 Rg4 43. Nh2 Nxh4+ 44. Kh1 Qd3 45. Rcd1 Qf5 46. gxh4 Qxf2 0-1

[Event "44th Chess Olympiad Open 2022"]
[Site "Chennai"]
[Date "2022.08.01"]
[Round "4.28"]
[White "Munoz Santana, Jose Lisandro"]
[Black "Kadric, Denis"]
[Result "1/2-1/2"]
[WhiteElo "2423"]
[BlackElo "2554"]
[Annotator "RC"]
[PlyCount "93"]
[EventDate "2022.07.29"]
[EventType "team-tourn"]
[EventCountry "IND"]
[SourceTitle "playchess.com"]
[Source "ChessBase"]
[SourceQuality "1"]
[WhiteTeam "Dominican Republic"]
[BlackTeam "Montenegro"]
[WhiteTeamCountry "DOM"]
[BlackTeamCountry "MNE"]

1. e4 c5 2. Nf3 e6 3. d4 cxd4 4. Nxd4 Nf6 5. Nc3 Nc6 6. Ndb5 Bb4 7. a3 Bxc3+ 8.
Nxc3 d5 9. exd5 exd5 10. Bd3 O-O 11. O-O d4 12. Ne2 Bg4 13. Re1 Re8 14. h3 Bh5
15. Bg5 Qd6 16. Bxf6 Qxf6 17. Qd2 Bxe2 18. Rxe2 Rxe2 19. Qxe2 g6 20. Re1 Rc8
21. Qe4 Rc7 22. Qe8+ Kg7 23. Re4 h6 24. g3 Qd6 25. h4 h5 26. Re2 Qf6 27. Kg2
Qd6 28. f4 Re7 29. Rxe7 Nxe7 30. Kf3 Qe6 31. Qb5 Nd5 32. Be4 Nf6 33. Qe5 Qg4+
34. Kf2 Qd1 35. Bd3 Qd2+ 36. Kf3 Qd1+ 37. Kg2 Qd2+ 38. Kf1 Qh2 39. f5 Qh1+ 40.
Kf2 Qh2+ 41. Ke1 Qh1+ 42. Kd2 Qg2+ 43. Kd1 Qf3+ 44. Ke1 Qh1+ 45. Ke2 Qg2+ 46.
Kd1 Qf3+ 47. Ke1 1/2-1/2